|
|
|
|
| LEADER |
00000nam a22000007a 4500 |
| 005 |
20170310002518.0 |
| 007 |
cr|||| |||| |
| 008 |
170310s2016 es |||||s|||| 00||0 spa d |
| 020 |
|
|
|a 978-84-9085-999-5
|
| 035 |
|
|
|a 14793
|
| 040 |
|
|
|a vLex
|
| 090 |
|
|
|c 6599
|d 6599
|
| 100 |
1 |
|
|a Garca̕-Mon Quirs̤, Fernando
|
| 245 |
1 |
2 |
|a La compraventa con pacto de supervivencia
|h [Recurso electrn̤ico] /
|c Fernando Garca̕-Mon Quirs̤
|
| 250 |
|
|
|b Servicio en ln̕ea
|
| 256 |
|
|
|6 Madrid:
|8 Dykinson,
|a 2016
|
| 300 |
|
|
|a 1 recurso electrn̤ico
|
| 500 |
|
|
|a Una figura muy sugestiva del Derecho patrimonial de la familia es la que el Cd̤igo civil de Cataluą denomina "adquisiciones onerosas con pacto de supervivencia". Su misma naturaleza jurd̕ica contina︢ siendo objeto de controversia, ya que a lo largo del tiempo se han planteado soluciones tan dispares como que constituye un pacto capitular, un contrato oneroso y aleatorio, un pacto sucesorio, una institucin̤ familiar o incluso un fideicomiso contractual, con la determinante trascendencia que esto implica de cara a sus efectos jurd̕icos. Pocas figuras jurd̕icas suscitan, en fin, tantos interrogantes cm̤o los que generan los contratos de los que trata esta monografa̕, que, por lo dems̀, son transplantables a escenarios familiares de Derecho comn︢ si se saben conjurar determinados riesgos, por ms̀ que el autor hace notar que algunos no son fc̀iles de evitar si se ven las cosas en clave sucesoria o tributaria. A travš de este nuevo tt̕ulo de la coleccin̤ de monografa̕s del sello editorial de Dykinson, S.L., el autor acomete un examen amplio y completo de la figura, y ofrece un muy interesante resultado, de modo que en lo sucesivo no se podr ̀volver sobre la compraventa con pacto de supervivencia y sus vicisitudes sin tener en cuenta la aportacin̤ que este libro representa.
|
| 506 |
1 |
|
|a Disponible solo en los productos indicados
|d vLex Global
|d vLex Global (Academic Edition, excluding Law Schools)
|d vLex Global (U.S. Academic Edition, Law Schools)
|d vLex Global (U.S. Academic Edition, excluding Law Schools)
|d vLex Global (Academic Edition, Law Schools)
|
| 650 |
0 |
4 |
|a Derecho Civil
|z Espaą
|
| 650 |
0 |
4 |
|a Obligaciones y Contratos
|z Espaą
|
| 740 |
0 |
|
|a vLex Libros (Servicio en ln̕ea)
|
| 856 |
4 |
0 |
|u http://vlex.com/source/compraventa-con-pacto-de-supervivencia-14793
|z Acceso restringido
|
| 942 |
|
|
|c BOOK
|
| 999 |
0 |
|
|a Civil Law
|
| 999 |
0 |
|
|a Obligations and Contracts
|